Classic Books by Initials Quiz Stats

 Plays Quiz Updated Oct 11, 2018

Score 0/20 Timer 10:00
2 Plays Today
Initials Book % Correct
TKAMTo Kill A Mockingbird
59.6%
PAPPride and Prejudice
55.4%
TLTWATWThe Lion, The Witch, And The Wardrobe
54.2%
TCITRThe Catcher In The Rye
52.9%
ATOTCA Tale Of Two Cities
49.1%
AYTG? IMMAre You There God? It's Me, Margaret
44.6%
TOMATSThe Old Man And The Sea
28.1%
TSATFThe Sound And The Fury
28%
TGOWThe Grapes of Wrath
27.5%
AQOTWFAll Quiet On The Western Front
24.8%
Initials Book % Correct
SALSons And Lovers
23.7%
TEWWGTheir Eyes Were Watching God
22.2%
THOTBThe Hound Of The Baskervilles
21.8%
APOTAAAYMA Portrait Of The Artist As A Young Man
21.8%
OFOTCNOne Flew Over The Cuckoo's Nest
21.8%
ACYIKACA Connecticut Yankee In King Arthur's Court
14.4%
ATKMAll The King's Men
13.7%
SWTWCSomething Wicked This Way Comes
6.2%
ATMOMAt The Mountains Of Madness
2.8%
TMIAHMThe Moon Is A Harsh Mistress
1.6%

You're not logged in!

Compare scores with friends on all Sporcle quizzes.
OR
Log In

Sporcle TV

Today on Sporcle TV


Watch our educational content, quiz creation guides, and fun videos on Sporcle TV.

Show Comments

Extras

Top Quizzes Today


Score Distribution

Your Account Isn't Verified!

In order to create a playlist on Sporcle, you need to verify the email address you used during registration. Go to your Sporcle Settings to finish the process.

Report this User

Report this user for behavior that violates our Community Guidelines.

Details: